[Event "4MCR_4D_1L_4S"]
[Site "CR"]
[Date "2000.??.??"]
[Round "?"]
[White "Alexa, Jaroslav"]
[Black "Kunovjanek, Milan"]
[Result "1-0"]
[WhiteElo "2340"]
[BlackElo "2120"]
[PlyCount "85"]
[EventDate "2000.??.??"]
[EventType "tourn (corr)"]

1. d4 Nf6 2. Nf3 e6 3. c4 d5 4. Nc3 c6 5. Bg5 h6 6. Bxf6 Qxf6 7. Qc2 dxc4 8. e3
Nd7 9. Bxc4 Qd8 10. O-O Be7 11. Rac1 O-O 12. a3 Re8 13. Bd3 Bd6 14. Rfd1 Nf6
15. h3 Bc7 16. Ne5 Qe7 17. Ne4 Nd5 18. Nd2 Nf6 19. b4 a6 20. Nb3 Nd7 21. f4
Nxe5 22. dxe5 Rd8 23. Qd2 Bb6 24. a4 Bd7 25. a5 Ba7 26. Nc5 Be8 27. Rc4 Rd5 28.
Kh2 Bxc5 29. bxc5 Rad8 30. Qc3 Kf8 31. Rd4 Rxc5 32. Bc4 Rdd5 33. Qb4 Rxa5 34.
Bxd5 Rxd5 35. Qb6 g5 36. Rb1 gxf4 37. Rxd5 cxd5 38. exf4 Bc6 39. Rb3 f5 40.
exf6 Qxf6 41. Qc7 e5 42. Rf3 e4 43. Rg3 1-0

[Event "4MCR_4D_1L_4S"]
[Site "CR"]
[Date "2000.??.??"]
[Round "?"]
[White "Alexa, Jaroslav"]
[Black "Kuta, Miroslav"]
[Result "1/2-1/2"]
[WhiteElo "2340"]
[BlackElo "2130"]
[PlyCount "97"]
[EventDate "2000.??.??"]
[EventType "tourn (corr)"]

1. d4 Nf6 2. Nf3 g6 3. c4 Bg7 4. g3 O-O 5. Bg2 d6 6. Nc3 Nbd7 7. O-O e5 8. e4
c6 9. h3 Qb6 10. Re1 exd4 11. Nxd4 Ne8 12. Nb3 a5 13. Be3 Qb4 14. a3 Qxc4 15.
Nd4 f6 16. Rc1 Qf7 17. Na4 Nc7 18. Re2 Kh8 19. Rd2 Re8 20. Qb3 Qxb3 21. Nxb3
Nb5 22. Rdd1 Ne5 23. Nb6 Be6 24. Nxa8 Bxb3 25. Nb6 Bxd1 26. Rxd1 a4 27. Bf1 Nf7
28. Nxa4 Rxe4 29. Bxb5 cxb5 30. Nc3 Re7 31. Nxb5 f5 32. b3 Kg8 33. Bb6 Rd7 34.
Rd5 Kf8 35. f4 Ke7 36. Kf2 Bf6 37. Kf3 Ke6 38. Rd2 Bd8 39. Bf2 Re7 40. g4 fxg4+
41. hxg4 Kd7 42. Rd1 Re8 43. g5 h6 44. gxh6 Rh8 45. Ke4 Rxh6 46. b4 Rh2 47. Be3
Rh4 48. a4 g5 49. Rf1 1/2-1/2

[Event "4MCR_4D_1L_4S"]
[Site "CR"]
[Date "2000.??.??"]
[Round "?"]
[White "Alexa, Jaroslav"]
[Black "Novak, Vratislav"]
[Result "1-0"]
[WhiteElo "2340"]
[BlackElo "2260"]
[PlyCount "71"]
[EventDate "2000.??.??"]
[EventType "tourn (corr)"]

1. d4 d5 2. c4 e6 3. Nc3 c6 4. Nf3 dxc4 5. a4 Bb4 6. e3 b5 7. Bd2 a5 8. axb5
Bxc3 9. Bxc3 cxb5 10. b3 Bb7 11. bxc4 b4 12. Bb2 Nf6 13. Bd3 Nbd7 14. O-O O-O
15. Re1 Qc7 16. e4 e5 17. c5 exd4 18. Rc1 Ne5 19. c6 Ba6 20. Bxa6 Rxa6 21. Nxd4
Rb8 22. Nf5 Ne8 23. Bxe5 Qxe5 24. Qd7 Qc7 25. Ne7+ Kf8 26. Nd5 Qd6 27. Red1 b3
28. e5 Qxe5 29. c7 Nxc7 30. Rxc7 Qe6 31. Rb7 Re8 32. Qb5 Qe1+ 33. Rxe1 Rxe1+
34. Qf1 Rxf1+ 35. Kxf1 f5 36. Rxb3 1-0

[Event "4MCR_4D_1L_4S"]
[Site "CR"]
[Date "2000.??.??"]
[Round "?"]
[White "Alexa, Jaroslav"]
[Black "Rybak, David"]
[Result "1-0"]
[WhiteElo "2340"]
[BlackElo "1600"]
[PlyCount "55"]
[EventDate "2000.??.??"]
[EventType "tourn (corr)"]

1. d4 d5 2. c4 e6 3. Nc3 c5 4. cxd5 exd5 5. Nf3 Nc6 6. g3 Nf6 7. Bg2 Be7 8. O-O
O-O 9. Bg5 cxd4 10. Nxd4 h6 11. Bf4 Bg4 12. h3 Be6 13. Rc1 Qd7 14. Kh2 Rac8 15.
Be3 Na5 16. Nxe6 fxe6 17. Bxa7 b5 18. Bd4 b4 19. Nb1 Rxc1 20. Qxc1 Rc8 21. Qd1
Nc6 22. Bxf6 Bxf6 23. e4 d4 24. f4 e5 25. Nd2 Qe6 26. Qa4 Kh8 27. Bf3 Qe8 28.
Bg4 1-0

[Event "4MCR_4D_1L_4S"]
[Site "CR"]
[Date "2000.??.??"]
[Round "?"]
[White "Alexa, Jaroslav"]
[Black "Trcka, Vaclav"]
[Result "1-0"]
[WhiteElo "2340"]
[BlackElo "2065"]
[PlyCount "71"]
[EventDate "2000.??.??"]
[EventType "tourn (corr)"]

1. d4 f5 2. g3 Nf6 3. Bg2 e6 4. c4 d5 5. Nh3 c6 6. Qc2 Bd6 7. O-O O-O 8. Nd2 b6
9. Nf3 Ne4 10. Bf4 Bb7 11. Rac1 Re8 12. cxd5 exd5 13. Bxd6 Qxd6 14. Ne5 Na6 15.
e3 Qh6 16. Qa4 Rac8 17. Rfd1 Re7 18. Bf1 Nb8 19. Qxa7 c5 20. Nf4 Qd6 21. Qa3 g5
22. Ne2 Nc6 23. Nxc6 Rxc6 24. dxc5 bxc5 25. Nc3 Nxc3 26. Rxc3 Rc8 27. b4 cxb4
28. Rxc8+ Bxc8 29. Qa8 Re8 30. Rxd5 Qf6 31. Bc4 Kh8 32. Qa4 Qe7 33. Qd1 Kg7 34.
Qd4+ Qf6 35. Qxf6+ Kxf6 36. Rb5 1-0

[Event "4MCR_4D_1L_4S"]
[Site "CR"]
[Date "2000.??.??"]
[Round "?"]
[White "Alexa, Jaroslav"]
[Black "Vrkoc, David"]
[Result "1/2-1/2"]
[WhiteElo "2340"]
[BlackElo "2270"]
[PlyCount "101"]
[EventDate "2000.??.??"]
[EventType "tourn (corr)"]

1. d4 Nf6 2. Nf3 e6 3. c4 c5 4. d5 exd5 5. cxd5 d6 6. Nc3 g6 7. e4 Bg7 8. h3
O-O 9. Bd3 Re8 10. O-O Nbd7 11. Bf4 c4 12. Bc2 Nc5 13. Re1 b5 14. Nxb5 Ncxe4
15. Bxe4 Nxe4 16. Qc2 Bd7 17. a4 Qa5 18. Rxe4 Bxb5 19. Bd2 c3 20. bxc3 Rxe4 21.
Qxe4 Rc8 22. Qf4 Bc4 23. Qxd6 Bxd5 24. Qf4 Qc7 25. Qxc7 Rxc7 26. Nd4 Rc4 27. a5
a6 28. Ne2 Be6 29. f3 h5 30. Kf2 Be5 31. g4 Kf8 32. Ke3 Rc5 33. Nd4 Bd5 34.
gxh5 gxh5 35. Ne2 Be6 36. h4 Bc4 37. Ra4 Bxe2 38. Kxe2 Bxc3 39. Bxc3 Rxc3 40.
Re4 Rc5 41. Ra4 Ke7 42. Kd3 Kd6 43. Kd4 Rb5 44. Ke3 Re5+ 45. Kd3 f5 46. Rd4+
Ke6 47. Ra4 Rb5 48. Ke3 Ke5 49. Ra3 Rb4 50. Rc3 f4+ 51. Kd3 1/2-1/2

[Event "4MCR_4D_1L_4S"]
[Site "CR"]
[Date "2000.??.??"]
[Round "?"]
[White "Cakl, Zdenek"]
[Black "Alexa, Jaroslav"]
[Result "1/2-1/2"]
[WhiteElo "2075"]
[BlackElo "2340"]
[PlyCount "40"]
[EventDate "2000.??.??"]
[EventType "tourn (corr)"]

1. Nf3 d5 2. b3 Bg4 3. e3 Nf6 4. Bb2 Nbd7 5. Be2 e6 6. O-O Bd6 7. c4 O-O 8. d4
dxc4 9. bxc4 c5 10. Nc3 a6 11. h3 Bxf3 12. Bxf3 Qc7 13. Qb3 Rab8 14. Rab1 Rfc8
15. Be2 Nb6 16. Ba1 cxd4 17. Qxb6 dxc3 18. Qxc7 Bxc7 19. Bxc3 Ne4 20. Rfc1 Nxc3
1/2-1/2

[Event "4MCR_4D_1L_4S"]
[Site "CR"]
[Date "2000.??.??"]
[Round "?"]
[White "Cakl, Zdenek"]
[Black "Hladik, Josef"]
[Result "1/2-1/2"]
[WhiteElo "2075"]
[BlackElo "2180"]
[PlyCount "89"]
[EventDate "2000.??.??"]
[EventType "tourn (corr)"]

1. Nf3 d5 2. b3 Nf6 3. Bb2 Bf5 4. e3 e6 5. Be2 Bd6 6. O-O Nbd7 7. c4 c6 8. d4
Ne4 9. Nc3 Qf6 10. Rc1 Qh6 11. g3 Nxc3 12. Bxc3 Nf6 13. c5 Bc7 14. b4 O-O 15.
Nh4 Bh3 16. Ng2 Ne4 17. Bd3 f5 18. Qc2 Rf6 19. f4 Qh5 20. a4 Rh6 21. Bxe4 fxe4
22. Rf2 a6 23. Rb1 Bf5 24. Ne1 Kh8 25. b5 axb5 26. axb5 Rg8 27. bxc6 g5 28.
cxb7 gxf4 29. b8=Q Bxb8 30. Rxb8 Rxb8 31. Rxf4 Kg8 32. Rf2 Qg5 33. Ng2 Bg4 34.
Ba5 Ra8 35. Qc3 Bf3 36. Bc7 Bxg2 37. Rxg2 Qg4 38. Qc1 Rf6 39. Bd6 Qf3 40. Rb2
Ra3 41. Bf4 Rd3 42. Rb1 Qe2 43. Qe1 Qxe1+ 44. Rxe1 Rc3 45. Re2 1/2-1/2

[Event "4MCR_4D_1L_4S"]
[Site "CR"]
[Date "2000.??.??"]
[Round "?"]
[White "Cakl, Zdenek"]
[Black "Kunovjanek, Milan"]
[Result "0-1"]
[WhiteElo "2075"]
[BlackElo "2120"]
[PlyCount "95"]
[EventDate "2000.??.??"]
[EventType "tourn (corr)"]

1. Nf3 d5 2. b3 Nf6 3. Bb2 e6 4. e3 Be7 5. Be2 O-O 6. O-O c5 7. d4 Nc6 8. c4
cxd4 9. exd4 b6 10. Nc3 Bb7 11. Rc1 Rc8 12. Ne5 dxc4 13. Nxc6 Bxc6 14. bxc4 Bd6
15. f4 a6 16. Qd3 Bb7 17. Qg3 Re8 18. a3 Qe7 19. Nd1 Ne4 20. Qe3 Qc7 21. Nc3
Nf6 22. Bd3 Red8 23. Ne4 Nxe4 24. Bxe4 Bxe4 25. Qxe4 Qc6 26. Qe3 Qa4 27. Qc3
Rd7 28. f5 exf5 29. Rxf5 Rdc7 30. c5 Bf8 31. Qf3 bxc5 32. Rf1 f6 33. dxc5 Bxc5+
34. Kh1 Rc6 35. Rd5 Bf8 36. h3 Rb6 37. Rd2 Re8 38. Rfd1 Qb3 39. Qf2 Rb7 40. Bc1
Rc7 41. Qf1 Rc3 42. Rd3 Rxd3 43. Rxd3 Qc4 44. Qd1 Bc5 45. Bb2 h6 46. Rd8 Rxd8
47. Qxd8+ Kh7 48. Qd1 0-1

[Event "4MCR_4D_1L_4S"]
[Site "CR"]
[Date "2000.??.??"]
[Round "?"]
[White "Cakl, Zdenek"]
[Black "Pletanek, Danous"]
[Result "0-1"]
[WhiteElo "2075"]
[BlackElo "2295"]
[PlyCount "96"]
[EventDate "2000.??.??"]
[EventType "tourn (corr)"]

1. Nf3 Nf6 2. b3 g6 3. Bb2 Bg7 4. e3 O-O 5. Be2 d6 6. O-O e5 7. d4 e4 8. Nfd2
Re8 9. c4 Nbd7 10. Nc3 Nf8 11. Re1 h5 12. Qc2 Bf5 13. b4 N8h7 14. a4 Ng5 15. a5
Ng4 16. Qb3 Bh6 17. a6 bxa6 18. Bxg4 hxg4 19. Kh1 Bc8 20. d5 f5 21. Ne2 Nf7 22.
Qa4 Bg7 23. Bd4 Ne5 24. Reb1 Kf7 25. Bxe5 Bxe5 26. Nd4 Bxd4 27. exd4 e3 28.
fxe3 Rxe3 29. Re1 Bd7 30. Qa5 Rxe1+ 31. Rxe1 c6 32. Qxa6 Qb6 33. Qxb6 axb6 34.
dxc6 Bxc6 35. d5 Bd7 36. g3 Ra2 37. Re2 b5 38. c5 dxc5 39. bxc5 Rc2 40. c6 Bc8
41. Kg2 b4 42. Rf2 Ke7 43. Nf1 b3 44. Nd2 b2 45. Nb1 Rxf2+ 46. Kxf2 Ba6 47. Ke3
Bc4 48. Nc3 Ba2 0-1

[Event "4MCR_4D_1L_4S"]
[Site "CR"]
[Date "2000.??.??"]
[Round "?"]
[White "Cakl, Zdenek"]
[Black "Rachunek, Milan"]
[Result "0-1"]
[WhiteElo "2075"]
[BlackElo "2000"]
[PlyCount "84"]
[EventDate "2000.??.??"]
[EventType "tourn (corr)"]

1. Nf3 e6 2. b3 Nf6 3. Bb2 d5 4. e3 c5 5. Be2 Be7 6. O-O O-O 7. Ne5 Nfd7 8. f4
Nxe5 9. fxe5 Nc6 10. c4 d4 11. exd4 cxd4 12. Bd3 Qc7 13. Re1 Nxe5 14. Bxh7+
Kxh7 15. Qh5+ Kg8 16. Qxe5 Qxe5 17. Rxe5 Rd8 18. d3 f6 19. Re1 e5 20. Nd2 Bf5
21. Ne4 a5 22. a4 Re8 23. Rf1 Bd7 24. Ba3 Bxa3 25. Rxa3 Bc6 26. Raa1 Bxe4 27.
dxe4 Kf7 28. g4 Ke6 29. Rab1 Rh8 30. Kg2 d3 31. b4 Rhc8 32. bxa5 Rxc4 33. Rb6+
Rc6 34. Rb5 Rc2+ 35. Kg3 Rd8 36. Rd1 Rd7 37. h4 Rc4 38. Rb6+ Kf7 39. Kf3 Rxa4
40. Rb3 d2 41. Rb2 Rd3+ 42. Ke2 Rdd4 0-1

[Event "4MCR_4D_1L_4S"]
[Site "CR"]
[Date "2000.??.??"]
[Round "?"]
[White "Cakl, Zdenek"]
[Black "Trcka, Vaclav"]
[Result "1/2-1/2"]
[WhiteElo "2075"]
[BlackElo "2065"]
[PlyCount "73"]
[EventDate "2000.??.??"]
[EventType "tourn (corr)"]

1. Nf3 f5 2. b3 Nf6 3. Bb2 d5 4. e3 e6 5. Be2 c5 6. O-O Be7 7. c4 O-O 8. d4 Nc6
9. Nc3 dxc4 10. bxc4 b6 11. Ne5 Bb7 12. Bf3 Qc8 13. Nxc6 Bxc6 14. d5 Rd8 15.
Qb3 exd5 16. Nxd5 Bxd5 17. cxd5 c4 18. Qc2 Rb8 19. d6 Bxd6 20. Bxf6 gxf6 21.
Bd5+ Kg7 22. Qxc4 Qxc4 23. Bxc4 f4 24. e4 a5 25. a4 Be5 26. Rad1 Kf8 27. Rd5
Rxd5 28. exd5 Rc8 29. Bb5 Rc2 30. Rd1 Ke7 31. g3 Kd6 32. Rd3 fxg3 33. hxg3 Kc5
34. Kg2 h5 35. Be8 Rc4 36. Rd1 Rb4 37. Rd2 1/2-1/2

[Event "4MCR_4D_1L_4S"]
[Site "CR"]
[Date "2000.??.??"]
[Round "?"]
[White "Cakl, Zdenek"]
[Black "Vrkoc, David"]
[Result "1/2-1/2"]
[WhiteElo "2075"]
[BlackElo "2270"]
[PlyCount "105"]
[EventDate "2000.??.??"]
[EventType "tourn (corr)"]

1. Nf3 c5 2. b3 d5 3. Bb2 f6 4. e3 e5 5. d4 cxd4 6. exd4 e4 7. Nfd2 f5 8. c4
Nf6 9. Nc3 Be6 10. cxd5 Nxd5 11. Bc4 Bb4 12. Nxd5 Bxd5 13. Qh5+ g6 14. Qh6 Bf8
15. Qe3 Nc6 16. O-O Be7 17. f3 exf3 18. Nxf3 O-O 19. Rae1 Bf6 20. Rf2 Rf7 21.
Rfe2 Re7 22. Qf4 Rc8 23. Rxe7 Nxe7 24. Qe3 Kg7 25. Ne5 Nc6 26. Re2 Rc7 27. Bd3
Re7 28. Bb1 Re6 29. Qf2 Qd6 30. Bd3 Nb4 31. Bb1 Kg8 32. Kh1 Nc6 33. h3 b5 34.
Nxc6 Rxe2 35. Qxe2 Qxc6 36. Bd3 a6 37. a4 bxa4 38. bxa4 Qxa4 39. Bxa6 Kg7 40.
Bd3 Qb4 41. Qf2 Bg5 42. Qe2 Bf4 43. Ba1 Bc7 44. Kg1 Kf6 45. Kf2 h5 46. Kf1 Qd6
47. Qe5+ Qxe5 48. dxe5+ Bxe5 49. Bxe5+ Kxe5 50. Kf2 h4 51. Bb5 Kf4 52. Ba6 Kg5
53. Bb5 1/2-1/2

[Event "4MCR_4D_1L_4S"]
[Site "CR"]
[Date "2000.??.??"]
[Round "?"]
[White "Hladecek, Miloslav"]
[Black "Alexa, Jaroslav"]
[Result "1-0"]
[WhiteElo "2150"]
[BlackElo "2340"]
[PlyCount "83"]
[EventDate "2000.??.??"]
[EventType "tourn (corr)"]

1. e4 c5 2. Nf3 Nc6 3. d4 cxd4 4. Nxd4 Nf6 5. Nc3 e5 6. Ndb5 d6 7. Bg5 a6 8.
Na3 b5 9. Bxf6 gxf6 10. Nd5 f5 11. Bd3 Be6 12. Qh5 Rg8 13. g3 Rc8 14. c3 h6 15.
Nc2 Na5 16. Qe2 fxe4 17. Bxe4 Bg4 18. Bf3 Bxf3 19. Qxf3 Rg6 20. Nce3 Bg7 21.
Nf5 Bf8 22. b3 e4 23. Qe2 Qg5 24. g4 Kd8 25. h3 h5 26. Rd1 Re6 27. Rg1 h4 28.
Qe3 Qxe3+ 29. fxe3 Nc6 30. Nf4 Re5 31. Ke2 Rc5 32. Nxd6 Bxd6 33. Rxd6+ Kc7 34.
Rgd1 Rxc3 35. R6d2 Kb7 36. Nd5 Rd3 37. Rxd3 exd3+ 38. Kxd3 Re8 39. Rf1 Nd8 40.
Rf5 Kc6 41. Nb4+ Kb6 42. Rh5 1-0

[Event "4MCR_4D_1L_4S"]
[Site "CR"]
[Date "2000.??.??"]
[Round "?"]
[White "Hladecek, Miloslav"]
[Black "Cakl, Zdenek"]
[Result "0-1"]
[WhiteElo "2150"]
[BlackElo "2075"]
[PlyCount "108"]
[EventDate "2000.??.??"]
[EventType "tourn (corr)"]

1. e4 c5 2. Nf3 Nc6 3. d4 cxd4 4. Nxd4 d6 5. Bb5 Bd7 6. Nc3 g6 7. O-O Bg7 8.
Be3 Nf6 9. Re1 Ng4 10. Nxc6 Nxe3 11. Nxd8 Nxd1 12. Bxd7+ Kxd7 13. Raxd1 Rhxd8
14. Nd5 Rac8 15. c3 e6 16. Ne3 b5 17. Rd2 Kc6 18. f4 a5 19. Kf2 h5 20. Red1 Kc5
21. g3 Bf6 22. Kf3 h4 23. Ng4 Be7 24. Nh6 Rf8 25. gxh4 Kb6 26. f5 d5 27. exd5
exf5 28. h5 Bg5 29. Nxf7 Rxf7 30. Rg2 Bh4 31. hxg6 Rg7 32. Kf4 Rf8 33. Rd3 Bd8
34. b4 a4 35. Rh3 Bc7+ 36. Kf3 Rf6 37. Rh6 Be5 38. h4 Rd6 39. h5 Rxd5 40. Re2
Rd3+ 41. Kg2 Bxc3 42. Rf2 Rd8 43. Rxf5 Bd2 44. Rf6+ Kc7 45. Rh7 Rxh7 46. gxh7
Bxb4 47. Rf7+ Kc6 48. Kf3 Bc3 49. Ke4 b4 50. Rf2 b3 51. axb3 axb3 52. Rf3 Re8+
53. Kd3 b2 54. Rf1 Bh8 0-1

[Event "4MCR_4D_1L_4S"]
[Site "CR"]
[Date "2000.??.??"]
[Round "?"]
[White "Hladecek, Miloslav"]
[Black "Hladik, Josef"]
[Result "1/2-1/2"]
[WhiteElo "2150"]
[BlackElo "2180"]
[PlyCount "76"]
[EventDate "2000.??.??"]
[EventType "tourn (corr)"]

1. e4 e5 2. Nf3 Nc6 3. Bb5 a6 4. Ba4 Nf6 5. O-O Be7 6. Re1 b5 7. Bb3 d6 8. c3
O-O 9. h3 Na5 10. Bc2 c5 11. d4 Nd7 12. Nbd2 exd4 13. cxd4 Nc6 14. Nf1 cxd4 15.
Nxd4 Nxd4 16. Qxd4 Ne5 17. Qd1 Bf6 18. Ne3 Be6 19. Nd5 Bxd5 20. Qxd5 Rc8 21.
Bb3 Nc4 22. Rb1 Rc5 23. Qd3 d5 24. exd5 Rxd5 25. Qf3 Rd3 26. Qe2 Nd2 27. Bc2
Rd7 28. Bxd2 Rxd2 29. Qe4 g6 30. Red1 Bxb2 31. a4 Rxd1+ 32. Rxd1 Qf6 33. axb5
axb5 34. Bb3 Ba3 35. Qd5 b4 36. Rd3 Qa1+ 37. Kh2 Bb2 38. Rf3 Qa7 1/2-1/2

[Event "4MCR_4D_1L_4S"]
[Site "CR"]
[Date "2000.??.??"]
[Round "?"]
[White "Hladecek, Miloslav"]
[Black "Kunovjanek, Milan"]
[Result "1-0"]
[WhiteElo "2150"]
[BlackElo "2120"]
[PlyCount "81"]
[EventDate "2000.??.??"]
[EventType "tourn (corr)"]

1. e4 e5 2. Nf3 Nf6 3. d4 Nxe4 4. Bd3 d5 5. Nxe5 Bd6 6. O-O O-O 7. c4 Bxe5 8.
dxe5 Nc6 9. cxd5 Qxd5 10. Qc2 Nb4 11. Bxe4 Nxc2 12. Bxd5 Bf5 13. g4 Bxg4 14.
Be4 Nxa1 15. Bf4 f5 16. Bd5+ Kh8 17. Rc1 c6 18. Bg2 Rfd8 19. Nd2 Rxd2 20. Bxd2
Rd8 21. Bc3 Rd1+ 22. Rxd1 Bxd1 23. Bf1 Kg8 24. Bd3 g6 25. Bc4+ Kf8 26. Bb4+ Ke8
27. Bg8 Nc2 28. Bd6 Kd7 29. Bc5 b6 30. e6+ Kd8 31. Bd6 Nd4 32. Bf7 Nxe6 33.
Bxe6 Bf3 34. Kf1 Bd5 35. Bxd5 cxd5 36. Ke2 Kd7 37. Bf4 Kc6 38. Kd3 Kc5 39. Be3+
Kd6 40. Kd4 Ke6 41. Bf4 1-0

[Event "4MCR_4D_1L_4S"]
[Site "CR"]
[Date "2000.??.??"]
[Round "?"]
[White "Hladecek, Miloslav"]
[Black "Pletanek, Danous"]
[Result "1/2-1/2"]
[WhiteElo "2150"]
[BlackElo "2295"]
[PlyCount "54"]
[EventDate "2000.??.??"]
[EventType "tourn (corr)"]

1. e4 c5 2. Nf3 d6 3. d4 cxd4 4. Nxd4 Nf6 5. Nc3 a6 6. Be3 Ng4 7. Bg5 h6 8. Bh4
g5 9. Bg3 Bg7 10. h3 Ne5 11. Nf5 Bxf5 12. exf5 Qa5 13. Qd5 Nbc6 14. Qxa5 Nxa5
15. Nd5 Rc8 16. O-O-O e6 17. f6 Bf8 18. Ne3 Nd7 19. Bxd6 Bxd6 20. Rxd6 Nxf6 21.
Be2 Ke7 22. Rhd1 Rc7 23. Bf3 Rhc8 24. a3 Nb3+ 25. Kb1 Nc5 26. R6d4 b5 27. Re1
Kf8 1/2-1/2

[Event "4MCR_4D_1L_4S"]
[Site "CR"]
[Date "2000.??.??"]
[Round "?"]
[White "Hladecek, Miloslav"]
[Black "Rachunek, Milan"]
[Result "1/2-1/2"]
[WhiteElo "2150"]
[BlackElo "2000"]
[PlyCount "99"]
[EventDate "2000.??.??"]
[EventType "tourn (corr)"]

1. e4 e5 2. Nf3 Nc6 3. Bb5 a6 4. Ba4 Nf6 5. O-O Be7 6. Re1 b5 7. Bb3 d6 8. c3
O-O 9. h3 Na5 10. Bc2 c5 11. d4 Qc7 12. Nbd2 cxd4 13. cxd4 Bb7 14. d5 Rac8 15.
Bd3 Nd7 16. Nf1 f5 17. exf5 Bxd5 18. Ng5 Bxg5 19. Bxg5 Ba8 20. Qg4 Nf6 21. Bxf6
Rxf6 22. Ng3 Kh8 23. Ne4 Bxe4 24. Bxe4 Nc6 25. Rac1 Qd7 26. Bxc6 Rxc6 27. Qe4
Rc8 28. Rxc8+ Qxc8 29. Rd1 h6 30. b3 Kh7 31. g4 Qc5 32. a4 Qa3 33. Rd3 bxa4 34.
bxa4 Qc1+ 35. Kg2 Qc2 36. h4 Qc8 37. Rd1 h5 38. f3 hxg4 39. fxg4 Kg8 40. Kh2 g6
41. fxg6 Rf4 42. Qd5+ Kg7 43. Rg1 Qc2+ 44. Rg2 Qxg6 45. h5 Qg5 46. Kh3 Rb4 47.
Qe6 Rb1 48. Rg3 Rh1+ 49. Kg2 Qc1 50. Qg6+ 1/2-1/2

[Event "4MCR_4D_1L_4S"]
[Site "CR"]
[Date "2000.??.??"]
[Round "?"]
[White "Hladecek, Miloslav"]
[Black "Vrkoc, David"]
[Result "1/2-1/2"]
[WhiteElo "2150"]
[BlackElo "2270"]
[PlyCount "86"]
[EventDate "2000.??.??"]
[EventType "tourn (corr)"]

1. e4 c5 2. Nf3 d6 3. d4 cxd4 4. Nxd4 Nf6 5. Nc3 a6 6. Be3 e5 7. Nb3 Be6 8. f3
Be7 9. Nd5 Nxd5 10. exd5 Bf5 11. Bd3 Bxd3 12. Qxd3 O-O 13. O-O f5 14. Rfe1 Nd7
15. Re2 Bg5 16. Bxg5 Qxg5 17. Qc4 Qd8 18. Rae1 Qb6+ 19. Kh1 Rf6 20. c3 Raf8 21.
Qa4 Qd8 22. Qb4 Qc7 23. c4 Rh6 24. Nd2 Rff6 25. Rc1 Rh4 26. Rc3 Rfh6 27. Nf1
Nc5 28. Qa3 a5 29. b3 f4 30. Rcc2 g5 31. Rc3 Qd8 32. Qc1 Qf8 33. a3 a4 34. b4
Nb3 35. Qe1 Nd4 36. Rf2 Qf7 37. c5 Qxd5 38. cxd6 Qxd6 39. Qe4 Qe7 40. Rd2 Kf7
41. Rc5 Re6 42. Rd1 Kf6 43. Rd5 Nf5 1/2-1/2

[Event "4MCR_4D_1L_4S"]
[Site "CR"]
[Date "2000.??.??"]
[Round "?"]
[White "Hladik, Josef"]
[Black "Kunovjanek, Milan"]
[Result "1/2-1/2"]
[WhiteElo "2180"]
[BlackElo "2120"]
[PlyCount "44"]
[EventDate "2000.??.??"]
[EventType "tourn (corr)"]

1. d4 Nf6 2. c4 g6 3. Nc3 d5 4. Nf3 Bg7 5. Qb3 dxc4 6. Qxc4 O-O 7. e4 Na6 8.
Be2 c5 9. d5 e6 10. O-O exd5 11. exd5 Bf5 12. Bf4 Re8 13. Rad1 Ne4 14. Bd3 Bxc3
15. bxc3 b5 16. Qxb5 Nxc3 17. Qxa6 Bxd3 18. Qxd3 Ne2+ 19. Kh1 Nxf4 20. Qc4 Qd6
21. Rc1 Rac8 22. Rfd1 f5 1/2-1/2

[Event "4MCR_4D_1L_4S"]
[Site "CR"]
[Date "2000.??.??"]
[Round "?"]
[White "Hladik, Josef"]
[Black "Kuta, Miroslav"]
[Result "1/2-1/2"]
[WhiteElo "2180"]
[BlackElo "2130"]
[PlyCount "80"]
[EventDate "2000.??.??"]
[EventType "tourn (corr)"]

1. e4 c6 2. d4 d5 3. Nd2 dxe4 4. Nxe4 Bf5 5. Ng3 Bg6 6. Nf3 Nd7 7. h4 h6 8. h5
Bh7 9. Bd3 Bxd3 10. Qxd3 Qc7 11. Bd2 e6 12. Qe2 Ngf6 13. O-O-O O-O-O 14. Ne5
Nb6 15. Ba5 Rd5 16. Bxb6 axb6 17. c4 Ra5 18. Kb1 Bd6 19. f4 Rd8 20. Rd3 Qe7 21.
Rhd1 Bc7 22. Qf3 b5 23. c5 Nd5 24. Ne4 Kb8 25. g4 f6 26. Ng6 Qf7 27. Ng3 Nb4
28. Ra3 e5 29. Qb3 Qxb3 30. Rxb3 exf4 31. Nf5 Nd5 32. Nxg7 Ne3 33. Rd2 Ra4 34.
Ne6 Re8 35. Nexf4 Re4 36. Re2 Bxf4 37. Nxf4 Raxd4 38. Rbxe3 Rxf4 39. Re8+ Kc7
40. a3 Rxg4 1/2-1/2

[Event "4MCR_4D_1L_4S"]
[Site "CR"]
[Date "2000.??.??"]
[Round "?"]
[White "Hladik, Josef"]
[Black "Novak, Vratislav"]
[Result "1/2-1/2"]
[WhiteElo "2180"]
[BlackElo "2260"]
[PlyCount "85"]
[EventDate "2000.??.??"]
[EventType "tourn (corr)"]

1. e4 e5 2. Nf3 Nc6 3. Bb5 a6 4. Ba4 Nf6 5. O-O Be7 6. Re1 b5 7. Bb3 d6 8. c3
O-O 9. h3 Na5 10. Bc2 c5 11. d4 cxd4 12. cxd4 Bb7 13. d5 Rc8 14. Nbd2 Qc7 15.
Bd3 Nd7 16. Nf1 f5 17. Ng3 f4 18. Nf5 Bd8 19. Bd2 Nc4 20. Rc1 g6 21. Nh6+ Kg7
22. b3 Nc5 23. Bxc4 bxc4 24. Rxc4 Qb6 25. Ng4 Nd3 26. Rxc8 Bxc8 27. Rf1 h5 28.
Ngh2 a5 29. Bc3 Ba6 30. Qc2 Nb4 31. Bxb4 axb4 32. Rc1 Bb5 33. Nd2 Rf7 34. Qb2
Rc7 35. Nc4 Bxc4 36. bxc4 Ra7 37. Nf3 Qc5 38. Rc2 Ra3 39. Nd2 Rc3 40. Rxc3 bxc3
41. Qxc3 Bb6 42. Qf3 Qa5 43. Qb3 1/2-1/2

[Event "4MCR_4D_1L_4S"]
[Site "CR"]
[Date "2000.??.??"]
[Round "?"]
[White "Hladik, Josef"]
[Black "Novotny, Josef"]
[Result "1-0"]
[WhiteElo "2180"]
[BlackElo "2165"]
[PlyCount "57"]
[EventDate "2000.??.??"]
[EventType "tourn (corr)"]

1. e4 c5 2. Nf3 e6 3. d4 cxd4 4. Nxd4 a6 5. Bd3 Bc5 6. Nb3 Ba7 7. Qg4 Nf6 8.
Qg3 d6 9. Nc3 Nc6 10. O-O O-O 11. Bg5 b5 12. Rad1 b4 13. Ne2 Ne5 14. c3 Rb8 15.
Kh1 Nh5 16. Qxe5 dxe5 17. Bxd8 Rxd8 18. cxb4 Bb6 19. a3 Kf8 20. f3 Rd7 21. Bb1
Rbb7 22. Nc3 Rbc7 23. Na4 Be3 24. Nac5 Rxd1 25. Rxd1 Ke7 26. g3 a5 27. Nxa5
Bxc5 28. bxc5 Rxc5 29. b4 1-0

[Event "4MCR_4D_1L_4S"]
[Site "CR"]
[Date "2000.??.??"]
[Round "?"]
[White "Hladik, Josef"]
[Black "Rybak, David"]
[Result "1-0"]
[WhiteElo "2180"]
[BlackElo "1600"]
[PlyCount "71"]
[EventDate "2000.??.??"]
[EventType "tourn (corr)"]

1. Nf3 Nf6 2. c4 g6 3. Nc3 Bg7 4. d4 O-O 5. e4 d6 6. h3 e5 7. d5 a5 8. Bg5 Na6
9. Nd2 h6 10. Be3 Nd7 11. g4 Ndc5 12. Rg1 c6 13. a3 cxd5 14. cxd5 Bd7 15. b3 f6
16. Qb1 Qc7 17. Ra2 Rfc8 18. Rc2 Qd8 19. Nc4 Bf8 20. b4 axb4 21. axb4 b5 22.
bxc5 bxc4 23. c6 Rcb8 24. Qc1 Bc8 25. Bxc4 Rb4 26. Bxa6 Bxa6 27. Rb2 Qb8 28.
Rxb4 Qxb4 29. f3 g5 30. Kf2 Be7 31. Qc2 Bd8 32. Rb1 Qc4 33. Qb3 Qd3 34. Rd1 Qc4
35. Qxc4 Bxc4 36. Rb1 1-0

[Event "4MCR_4D_1L_4S"]
[Site "CR"]
[Date "2000.??.??"]
[Round "?"]
[White "Hladik, Josef"]
[Black "Trcka, Vaclav"]
[Result "1/2-1/2"]
[WhiteElo "2180"]
[BlackElo "2065"]
[PlyCount "52"]
[EventDate "2000.??.??"]
[EventType "tourn (corr)"]

1. d4 f5 2. g3 e6 3. Bg2 Nf6 4. c4 d5 5. Nh3 c6 6. Qc2 Bd6 7. O-O O-O 8. b3 e5
9. cxd5 Nxd5 10. dxe5 Bxe5 11. Bb2 Bxb2 12. Qxb2 Be6 13. Rd1 Nd7 14. Qd4 Qe7
15. Nc3 Nxc3 16. Qxc3 Nf6 17. Nf4 Bf7 18. Rd3 g5 19. Re3 Qd6 20. Rd3 Qe7 21.
Re3 Ne4 22. Bxe4 fxe4 23. Nh3 Bg6 24. f3 Rae8 25. Qc4+ Bf7 26. Qd4 c5 1/2-1/2

[Event "4MCR_4D_1L_4S"]
[Site "CR"]
[Date "2000.??.??"]
[Round "?"]
[White "Hladik, Josef"]
[Black "Urbanek, Stepan"]
[Result "1-0"]
[WhiteElo "2180"]
[BlackElo "2340"]
[PlyCount "73"]
[EventDate "2000.??.??"]
[EventType "tourn (corr)"]

1. e4 e6 2. d4 d5 3. Nc3 Nf6 4. Bg5 dxe4 5. Nxe4 Be7 6. Bxf6 gxf6 7. Nf3 b6 8.
Bc4 Bb7 9. Qe2 c6 10. O-O-O Qc7 11. Kb1 Nd7 12. Rhe1 O-O-O 13. Ba6 Rhg8 14. g3
f5 15. Ned2 h5 16. Bxb7+ Kxb7 17. Nc4 h4 18. gxh4 Rh8 19. Rg1 Bxh4 20. Rg7 Rdf8
21. Nce5 Nxe5 22. dxe5 Rd8 23. a3 Rd5 24. Rxd5 cxd5 25. Nd4 Qd7 26. f4 Kb8 27.
Qb5 Qxb5 28. Nxb5 a6 29. Nd6 Be7 30. Nxf7 Rxh2 31. Rg6 Rh1+ 32. Ka2 Rf1 33. Ng5
Bxg5 34. fxg5 Rg1 35. Rxe6 Kc7 36. g6 f4 37. Rf6 1-0